000
00325nam a2200145Ia 4500
100
_a
Cengel Y A/ Boles M.A/
942
_c
BK
654
_a
Thermodynamics
245
_a
Thermodynamics : An 2/e
260
_b
McGraw Hill
_a
New york
_c
1994
082
_a
621.4021
_b
CEN/BO
300
_a
987
546
_a
ENGLISH
999
_c
33301
_d
33301